Guide to Stamp Collecting (Record no. 3171)

000 -LEADER
fixed length control field 00271nam a22000977a 4500
008 - FIXED-LENGTH DATA ELEMENTS--GENERAL INFORMATION
fixed length control field 211004b ||||| |||| 00| 0 eng d
100 ## - MAIN ENTRY--AUTHOR'S NAME
Author's Name Klug, Janet
245 ## - TITLE STATEMENT
Title Guide to Stamp Collecting
260 ## - PUBLICATION, DISTRIBUTION, ETC. (IMPRINT)
Name of publisher, distributor, etc. Collins : Smithsonian
Date of publication, distribution, etc. 2008
650 ## - TOPICAL TERM (Tag)
Topical term or geographic name Collecting -- Guides and Handbooks
Holdings
Withdrawn status Lost status Source of classification or shelving scheme Damaged status Koha normalized classification for sorting Not for loan Permanent Location Current Location Shelving location Date acquired Full call number Barcode Date last seen Copy number Price effective from Koha item type Public note
        G3200 A11 K66   Northern Philatelic Library Northern Philatelic Library General Stacks 10/04/2021 G3200 A11 K66 1005598 10/04/2021 1 10/04/2021 Books signed by author

Powered by Koha